000 01371nam0a22002651 4500
001 rc\3395995
005 20250609190758.0
035 _a(NLR Aleph) 007460704
090 _a7314013
_c7314013
100 _a20130115d1973 |||y0rusy50 ca
101 0 _arus
102 _aRU
105 _ay z |||||
200 1 _aАСУП "Мебель"
_eТехн. проект
_eФункциональная характеристика подсистемы 9
_fОтв. исполн.: к. э. н. В. Тамошюнас
_gМ-во мебельной и деревообрабатывающей пром-сти ЛитССР. Проектно-конструкт. бюро мебели. М-во высш. и сред. спец. образ. ЛитССР. Вильнюс. гос. ун-т им. В. Капсукаса
_iБухгалтерский учет. Учет заработной платы
210 _aВильнюс
_cБ. и.
_d1973
215 _a21 с.
_d28
333 _aДля служебного пользования. Экз. № 34
517 0 _aУчет заработной платы
532 1 2 _aАвтоматизированная система управления предприятием Мебель
702 1 _aТамошюнас
_bВ.
_4570
801 0 _aRU
_bNLR
_gpsbo
801 1 _aRU
_bELAR
_2rusmarc
852 _aNLR
_j74-50к/2159
942 _cBOOK
980 _aNB